000 00312nam a22001097a 4500
008 230704b xxu||||| |||| 00| 0 eng d
082 _a362.7
_bUNI 1993
245 _aAchieving the Goals for Children
_bJoint Africa and Middle East Regional Consultation
260 _bUNICEF
_c1993
300 _a51p
942 _2ddc
_cBK
999 _c3800
_d3800